Kvantitatívna analýza typov zaistenia v neživotnom poistení na infraštruktúrach pre paralelné a distribuované spracovanie

Enregistré dans:
Détails bibliographiques
Auteur principal: Šeleng, Martin
Autres auteurs: Mucha, Vladimír, 1976-
Format: Chapitre de livre
Langue:slovaque
Sujets:
Tags: Ajouter un tag
Pas de tags, Soyez le premier à ajouter un tag!

MARC

LEADER 00000nla a2200000 4500
001 0157225
005 20240502072739.5
041 0 |a slo 
044 |a SK 
245 1 0 |a Kvantitatívna analýza typov zaistenia v neživotnom poistení na infraštruktúrach pre paralelné a distribuované spracovanie  |c Martin Šeleng, Vladimír Mucha 
500 |a Abstrakt 
610 2 0 |a poisťovníctvo 
610 2 0 |a poistenie neživotné 
610 2 0 |a plnenie poistné 
610 2 0 |a rezervy poistné 
610 2 0 |a riziko poistné 
610 2 0 |a zaistenie 
610 2 0 |a matematika poistná 
100 1 |a Šeleng, Martin 
700 1 |a Mucha, Vladimír, 1976-